[Event "Katernberg 2- Münster"]
[Site "?"]
[Date "2023.10.29"]
[Round "3.7"]
[White "Wilde, Pierre"]
[Black "Gassmann, Volker"]
[Result "1-0"]
[WhiteElo "2207"]
[BlackElo "2130"]
[PlyCount "135"]
[EventDate "2023.??.??"]
[SourceVersionDate "2023.09.04"]

1. d4 Nf6 2. c4 c5 3. d5 e5 4. Nc3 d6 5. e4 Nbd7 6. g3 g6 7. h4 a6 8. a4 Rb8 9. Bh3 h5 10. Nf3 Bg7 11. Qc2 O-O 12. Kf1 Ng4 13. Ng5 Qc7 14. f3 Ngf6 15. Kg2 Nh7 16. Rb1 Bf6 17. Nxh7 Kxh7 18. Be3 Nb6 19. b3 Bxh3+ 20. Rxh3 Qd7 21. Qe2 Rh8 22. Rhh1 a5 23. g4 Kg8 24. g5 Bg7 25. Rbg1 Re8 26. Kf1 Nc8 27. Qg2 Rh7 28. Qh3 Qxh3+ 29. Rxh3 Re7 30. Nb5 Kf8 31. Ke2 b6 32. Kd3 Ke8 33. Rf1 Bh8 34. f4 exf4 35. Bxf4 Be5 36. Bxe5 Rxe5 37. Rf6 Kd7 38. Rhf3 Re7 39. e5 Rxe5 40. Rxf7+ Rxf7 41. Rxf7+ Re7 42. Rf6 Rg7 43. Re6 Rg8 44. Nc3 Rf8 45. Rxg6 Rf3+ 46. Kd2 Rh3 47. Ne4 Rxh4 48. Re6 Rh2+ 49. Ke3 h4 50. Nf6+ Kd8 51. Re8+ Kc7 52. Kf3 h3 53. Ng4 Rb2 54. Kg3 h2 55. Nxh2 Rxb3+ 56. Kf4 Rh3 57. Ng4 Rh7 58. Kf5 b5 59. cxb5 c4 60. Nf6 Ne7+ 61. Ke6 c3 62. Rxe7+ Rxe7+ 63. Kxe7 c2 64. g6 c1=Q 65. g7 Qe3+ 66. Kf7 Qf4 67. g8=Q Qxa4 68. Qe8 1-0

[Event "Katernberg 2- Münster"]
[Site "?"]
[Date "2023.10.29"]
[Round "3.8"]
[White "Dahm, Bernd"]
[Black "Kamp, Christoph"]
[Result "1/2-1/2"]
[WhiteElo "2090"]
[BlackElo "2187"]
[PlyCount "145"]
[EventDate "2023.??.??"]
[SourceVersionDate "2023.09.04"]

1. c4 e6 2. Nc3 d5 3. d4 c6 4. e3 f5 5. Bd3 Nf6 6. Qc2 Bd6 7. Nge2 O-O 8. f3 Nbd7 9. Bd2 Kh8 10. O-O-O dxc4 11. Bxc4 Nb6 12. Bd3 Qe7 13. Kb1 Bd7 14. h3 c5 15. dxc5 Bxc5 16. e4 Rac8 17. exf5 Nfd5 18. Nxd5 Nxd5 19. fxe6 Bxe6 20. Be4 Nf6 21. Nc3 Bd4 22. Qa4 Rc4 23. Qa5 b6 24. Qb5 Qf7 25. Rhe1 Rfc8 26. Qg5 R4c5 27. Qh4 Rh5 28. Qf4 Ra5 29. a3 Be5 30. Qe3 Nxe4 31. Nxe4 Rb5 32. Nc3 Ba2+ 33. Ka1 Qb3 34. Bc1 Bxc3 35. Qe8+ Qg8 36. Qxg8+ Bxg8 37. bxc3 Bc4 38. Rd7 a6 39. Ree7 Bb3 40. Rxg7 Bc2 41. Bb2 Re8 42. Rge7 Rxe7 43. Rxe7 Kg8 44. Re2 Bd3 45. Rd2 Rd5 46. Bc1 b5 47. g4 Bc4 48. f4 Rxd2 49. Bxd2 Bf1 50. h4 Be2 51. g5 Bg4 52. Be3 Kf7 53. Bb6 Ke6 54. Kb2 Kf5 55. Bc7 Kg6 56. Kb3 Kh5 57. Bd8 Bf5 58. Kb4 Kg4 59. Ka5 Bd3 60. Be7 Kxf4 61. h5 Kg4 62. h6 Kf5 63. Kb6 Kg6 64. Bf6 Bc4 65. Kc5 Bf1 66. Kb4 Bd3 67. a4 Kf5 68. a5 Kg6 69. Kc5 Kf5 70. Kb6 b4 71. cxb4 Bf1 72. Kc5 Be2 73. Kd6 1/2-1/2

[Event "Brackel- Erkenschwick"]
[Site "?"]
[Date "2023.10.29"]
[Round "3.1"]
[White "Nijboer, Friso"]
[Black "Fiebig, Thomas"]
[Result "1/2-1/2"]
[WhiteElo "2468"]
[BlackElo "2414"]
[PlyCount "47"]
[EventDate "2023.??.??"]
[SourceVersionDate "2023.09.04"]

1. e4 e6 2. d4 d5 3. Nc3 Bb4 4. e5 Bf8 5. f4 Nh6 6. Nf3 b6 7. Be3 Nf5 8. Bf2 h5 9. a3 Ba6 10. Bxa6 Nxa6 11. Ne2 Qd7 12. Ng3 Qb5 13. Nxf5 exf5 14. Qb1 Be7 15. c3 g6 16. a4 Qd7 17. O-O c6 18. Bh4 Bxh4 19. Nxh4 Nc7 20. Nf3 Ne6 21. g3 Rc8 22. Qa2 O-O 23. Rad1 Rfd8 24. a5 1/2-1/2

[Event "Brackel- Erkenschwick"]
[Site "?"]
[Date "2023.10.29"]
[Round "3.2"]
[White "Luft, Dennis"]
[Black "Ris, Robert"]
[Result "1/2-1/2"]
[WhiteElo "2313"]
[BlackElo "2443"]
[PlyCount "79"]
[EventDate "2023.??.??"]
[SourceVersionDate "2023.09.04"]

1. d4 d5 2. c4 e6 3. Nf3 Nf6 4. g3 Bd6 5. Bg2 Nc6 6. O-O O-O 7. b3 dxc4 8. bxc4 e5 9. c5 Be7 10. Nxe5 Nxd4 11. c6 Nxc6 12. Nxc6 bxc6 13. Qc2 Qd4 14. Bb2 Qg4 15. Nc3 Rb8 16. Bc1 Qh5 17. Rd1 Bf5 18. Qa4 Bc5 19. h4 Qg6 20. Qxc6 Bb6 21. Nd5 Nxd5 22. Qxg6 hxg6 23. Bxd5 Rfe8 24. Bc4 Be6 25. Bxe6 Rxe6 26. e3 Rc6 27. Kf1 Re8 28. a4 Re5 29. Bd2 Ba5 30. Bxa5 Rxa5 31. Rac1 Rxc1 32. Rxc1 Rxa4 33. Rxc7 a6 34. Rc8+ Kh7 35. Ra8 f6 36. Kg2 g5 37. hxg5 fxg5 38. f3 Kg6 39. Kh3 g4+ 40. fxg4 1/2-1/2

[Event "Brackel- Erkenschwick"]
[Site "?"]
[Date "2023.10.29"]
[Round "3.3"]
[White "Jens, Jelmer"]
[Black "Fluechter, Gregor"]
[Result "0-1"]
[WhiteElo "2383"]
[BlackElo "2280"]
[PlyCount "68"]
[EventDate "2023.??.??"]
[SourceVersionDate "2023.09.04"]

1. e4 e5 2. Bc4 Nf6 3. d3 Bc5 4. Nf3 d6 5. c3 O-O 6. O-O h6 7. Nbd2 c6 8. d4 exd4 9. cxd4 Bb6 10. e5 dxe5 11. dxe5 Nd5 12. Ne4 Be6 13. b3 Qe7 14. Bb2 Rd8 15. Nd6 Bc5 16. Nd4 Bxd6 17. exd6 Qxd6 18. Nxe6 Qxe6 19. Re1 Qg6 20. Re3 f6 21. Re7 Na6 22. Rxb7 Nc5 23. Rc7 Kh8 24. Rxc6 Ne3 25. Qf3 Nxc4 26. bxc4 Ne4 27. Rd1 Ng5 28. Qb3 Nh3+ 29. Kf1 Rxd1+ 30. Qxd1 Nf4 31. Rd6 Qxg2+ 32. Ke1 Re8+ 33. Kd2 Qxf2+ 34. Kc3 Re3+ 0-1

[Event "Brackel- Erkenschwick"]
[Site "?"]
[Date "2023.10.29"]
[Round "3.4"]
[White "Tkachuk, Konstantin"]
[Black "Erwich, Frank"]
[Result "0-1"]
[WhiteElo "2240"]
[BlackElo "2383"]
[PlyCount "72"]
[EventDate "2023.??.??"]
[SourceVersionDate "2023.09.04"]

1. e4 e5 2. Nf3 Nc6 3. Bc4 Nf6 4. Nc3 Nxe4 5. Nxe4 d5 6. Bd3 dxe4 7. Bxe4 Bd6 8. d4 exd4 9. Bxc6+ bxc6 10. Qxd4 O-O 11. O-O Bf5 12. Bg5 Qd7 13. c4 c5 14. Qc3 Be4 15. Rfe1 Rfe8 16. Re2 Bc6 17. Rae1 Rxe2 18. Rxe2 Qf5 19. Qc2 Qxc2 20. Rxc2 Bxf3 21. gxf3 Re8 22. Rd2 f5 23. f4 Re4 24. b3 h6 25. Bd8 Rxf4 26. h3 Re4 27. Kg2 Re8 28. Bh4 g5 29. Bg3 f4 30. Bh2 f3+ 31. Kh1 Re1+ 32. Bg1 h5 33. Rd5 Bf4 34. Rf5 Re5 35. Rf6 Kg7 36. Rc6 Re1 0-1

[Event "Brackel- Erkenschwick"]
[Site "?"]
[Date "2023.10.29"]
[Round "3.5"]
[White "Willemze, Thomas"]
[Black "Kartsev, Soel"]
[Result "1-0"]
[WhiteElo "2353"]
[BlackElo "2127"]
[PlyCount "89"]
[EventDate "2023.??.??"]
[SourceVersionDate "2023.09.04"]

1. e4 c5 2. Nf3 d6 3. Nc3 Nf6 4. g3 g6 5. d4 cxd4 6. Nxd4 Bg7 7. Bg2 O-O 8. O-O Nc6 9. Nde2 Bg4 10. h3 Bd7 11. a4 a6 12. Kh2 Rc8 13. Bg5 Ne5 14. Rb1 b5 15. axb5 axb5 16. Bxf6 Bxf6 17. Nd5 Bg7 18. b3 e6 19. Ne3 Qb6 20. Qd2 f5 21. f4 Nf7 22. exf5 gxf5 23. g4 fxg4 24. Rg1 e5 25. Bd5 Kh8 26. Nxg4 Qc5 27. c4 bxc4 28. bxc4 exf4 29. Rb7 Rc7 30. Rxc7 Qxc7 31. Qxf4 Ne5 32. Qxf8+ Bxf8 33. Nxe5 Bg7 34. Nf7+ Kg8 35. Ng5+ Kh8 36. Nf4 Bf5 37. Nf7+ Kg8 38. Nh6+ Kh8 39. Nxf5 Qb6 40. Rxg7 Qf2+ 41. Ng2 h6 42. Rf7 Qb2 43. Re7 Qf2 44. Re8+ Kh7 45. Re6 1-0

[Event "Brackel- Erkenschwick"]
[Site "?"]
[Date "2023.10.29"]
[Round "3.6"]
[White "Goldschmidt, Christian"]
[Black "Sprietersbach, Kai"]
[Result "0-1"]
[WhiteElo "2177"]
[BlackElo "2263"]
[PlyCount "106"]
[EventDate "2023.??.??"]
[SourceVersionDate "2023.09.04"]

1. e4 c6 2. d4 d5 3. exd5 cxd5 4. c4 Nf6 5. Nc3 Nc6 6. Bg5 Be6 7. Be2 Qa5 8. c5 Ne4 9. Bd2 Nxd2 10. Qxd2 g6 11. Bf3 Bg7 12. Nge2 O-O 13. O-O b6 14. cxb6 axb6 15. Rfd1 Rfd8 16. g4 Qa6 17. Rac1 b5 18. b3 Qb6 19. Qd3 Bh6 20. Rb1 Nb4 21. Qxb5 Qxb5 22. Nxb5 Rxa2 23. Nbc3 Rc2 24. Ra1 Bd7 25. Ra7 e6 26. Rb7 Bf8 27. Ra1 Bc6 28. Rb6 Bd6 29. Na4 Rb8 30. Rxb8+ Bxb8 31. Nc5 Bd6 32. Ra5 Bc7 33. Ra1 Bb6 34. Na6 Nxa6 35. Rxa6 Bc7 36. Ra7 Bb6 37. Ra6 Bc7 38. Ra7 Bd6 39. Ra6 Kf8 40. h4 h6 41. Kg2 Be7 42. Kg3 Bb5 43. Ra8+ Kg7 44. Ng1 Rc3 45. Ra7 Bd6+ 46. Kg2 Rxb3 47. Nh3 Rb4 48. Ng1 Rxd4 49. Rb7 Bc4 50. Ne2 Rd2 51. Kf1 Be5 52. Ke1 Rb2 53. Ra7 Rb3 0-1

[Event "Brackel- Erkenschwick"]
[Site "?"]
[Date "2023.10.29"]
[Round "3.7"]
[White "Van Beek, Alexander"]
[Black "Skabs, Denis"]
[Result "1-0"]
[WhiteElo "2298"]
[BlackElo "2067"]
[PlyCount "45"]
[EventDate "2023.??.??"]
[SourceVersionDate "2023.09.04"]

1. e4 e5 2. Nf3 Nc6 3. Bc4 Nf6 4. d3 h6 5. O-O d6 6. a4 g5 7. Nc3 Bg4 8. Be3 Bh5 9. Nd5 Bg7 10. c3 Nxd5 11. Bxd5 O-O 12. a5 a6 13. h3 Qd7 14. Nxe5 Nxe5 15. Qxh5 c6 16. Ba2 Nxd3 17. f4 Rae8 18. fxg5 hxg5 19. Bxg5 Nc5 20. Bh6 Re5 21. Qg6 Ne6 22. Bxe6 fxe6 23. Rxf8+ 1-0

[Event "Brackel- Erkenschwick"]
[Site "?"]
[Date "2023.10.29"]
[Round "3.8"]
[White "Korten, Lando"]
[Black "Trzaska, Peter"]
[Result "1-0"]
[WhiteElo "2161"]
[BlackElo "2096"]
[PlyCount "93"]
[EventDate "2023.??.??"]
[SourceVersionDate "2023.09.04"]

1. d4 d5 2. c4 dxc4 3. Nf3 c5 4. e3 cxd4 5. Bxc4 e6 6. exd4 Nf6 7. O-O Be7 8. Nc3 O-O 9. Bg5 h6 10. Bh4 Nc6 11. a3 a6 12. Qd3 b5 13. Bb3 Bb7 14. Bc2 g6 15. b4 Nd5 16. Nxd5 Qxd5 17. Bb3 Qf5 18. Qxf5 exf5 19. d5 Nd4 20. Bxe7 Nxb3 21. Rab1 Rfe8 22. d6 Bxf3 23. Rxb3 Bc6 24. Rc3 Bd7 25. Rc7 Be6 26. d7 Rxe7 27. d8=Q+ Rxd8 28. Rxe7 Rd3 29. Ra1 Kg7 30. Ra7 Rd6 31. Re1 f4 32. h4 g5 33. hxg5 hxg5 34. Rc7 Kf6 35. f3 Rd3 36. Ra1 Bd5 37. Ra7 g4 38. Rxa6+ Kg5 39. Ra5 gxf3 40. gxf3 Kh4 41. Rxb5 Kg3 42. a4 Rd2 43. Rxd5 Rxd5 44. a5 Rd2 45. a6 Rg2+ 46. Kf1 Rh2 47. Ra3 1-0

[Event "Bochum - Porz II"]
[Site "?"]
[Date "2023.11.19"]
[Round "4.1"]
[White "Pauly, Carlo"]
[Black "Zatonskih, Anna"]
[Result "1/2-1/2"]
[WhiteElo "2320"]
[BlackElo "2347"]
[PlyCount "97"]
[EventDate "2023.??.??"]
[SourceVersionDate "2023.09.04"]

1. d4 d5 2. c4 e6 3. Nf3 Nf6 4. Nc3 Be7 5. Bf4 O-O 6. e3 b6 7. cxd5 Nxd5 8. Nxd5 Qxd5 9. a3 c5 10. dxc5 Qxc5 11. Rc1 Qa5+ 12. Qd2 Qxd2+ 13. Nxd2 Na6 14. Bb5 Bb7 15. Ke2 g5 16. Be5 Rad8 17. Bc6 Bxc6 18. Rxc6 Rd7 19. Rhc1 f6 20. Bg3 Rfd8 21. R1c2 Kf7 22. Nb3 Nc5 23. Nd4 Rxd4 24. exd4 Nb3 25. Rc7 Nxd4+ 26. Kd1 Nb5+ 27. Kc1 Nxc7 28. Rxc7 f5 29. Be5 Rd5 30. Bc3 a5 31. Rb7 Rd6 32. b4 a4 33. b5 Ke8 34. Bb4 Rd7 35. Rxb6 Bxb4 36. axb4 Rd4 37. Rxe6+ Kd7 38. Rh6 Rxb4 39. Rxh7+ Kd6 40. Ra7 Kc5 41. Kc2 Rf4 42. f3 g4 43. fxg4 fxg4 44. g3 Rf2+ 45. Kc3 Kxb5 46. Rb7+ Kc5 47. Rc7+ Kb5 48. Rb7+ Kc5 49. Rc7+ 1/2-1/2

[Event "Bochum - Porz II"]
[Site "?"]
[Date "2023.11.19"]
[Round "4.2"]
[White "Friedmann, Rafael"]
[Black "Gallasch, Jonas"]
[Result "1/2-1/2"]
[WhiteElo "2417"]
[BlackElo "2303"]
[PlyCount "29"]
[EventDate "2023.??.??"]
[SourceVersionDate "2023.09.04"]

1. Nf3 Nf6 2. g3 g6 3. b3 Bg7 4. Bb2 b6 5. Bg2 Bb7 6. c4 c5 7. O-O O-O 8. Nc3 d5 9. e3 Nc6 10. Nxd5 Nxd5 11. Bxg7 Kxg7 12. cxd5 Qxd5 13. d4 Rfd8 14. dxc5 Qxc5 15. Qe2 1/2-1/2

[Event "Bochum - Porz II"]
[Site "?"]
[Date "2023.11.19"]
[Round "4.3"]
[White "Gluma, Christian"]
[Black "Jugelt, Tobias"]
[Result "1-0"]
[WhiteElo "2175"]
[BlackElo "2382"]
[PlyCount "75"]
[EventDate "2023.??.??"]
[SourceVersionDate "2023.09.04"]

1. e4 c6 2. d4 d5 3. exd5 cxd5 4. Bd3 Nc6 5. c3 Nf6 6. Bf4 g6 7. h4 Bf5 8. Nf3 Qb6 9. Bxf5 gxf5 10. Qb3 e6 11. Nbd2 Be7 12. Ne5 Nh5 13. Bh2 Rg8 14. Qd1 Nf6 15. O-O Ng4 16. Ndf3 Nxh2 17. Kxh2 f6 18. Nd3 Kf7 19. Nd2 Rg4 20. g3 Rag8 21. Rg1 f4 22. Nxf4 Qxb2 23. Qe2 Nd8 24. Rae1 Qb6 25. Nxd5 Qd6 26. Nxe7 Rxh4+ 27. Kg2 Kxe7 28. Qf3 Rg6 29. Rh1 Rxh1 30. Rxh1 h6 31. Re1 Qa6 32. d5 Qxa2 33. Qd3 Rg7 34. dxe6 Nxe6 35. Nf3 Ke8 36. Re2 Qb3 37. Nd4 Qd5+ 38. Qf3 1-0

[Event "Bochum - Porz II"]
[Site "?"]
[Date "2023.11.19"]
[Round "4.4"]
[White "Illner, Achim"]
[Black "Sabirov, Ramil"]
[Result "1-0"]
[WhiteElo "2439"]
[BlackElo "2097"]
[PlyCount "79"]
[EventDate "2023.??.??"]
[SourceVersionDate "2023.09.04"]

1. d4 Nf6 2. g3 g6 3. Bg2 d5 4. c4 c6 5. cxd5 cxd5 6. Nc3 Nc6 7. Nf3 Bg7 8. Ne5 O-O 9. Nxc6 bxc6 10. O-O Bf5 11. Bf4 Nd7 12. Rc1 Rc8 13. Qd2 Qb6 14. Rfd1 Rfe8 15. Na4 Qa6 16. b3 h5 17. Bf1 Qb7 18. Bh6 Bh8 19. Be3 Bf6 20. Bg5 Bg7 21. Qa5 Bf8 22. Bd2 Qc7 23. Qxc7 Rxc7 24. Ba5 Rcc8 25. e3 Nb8 26. Bb4 Rc7 27. Nc5 Nd7 28. Ba5 Nb6 29. Na6 Rcc8 30. Nb4 Bd7 31. Ba6 Rc7 32. Rd2 e5 33. dxe5 Rxe5 34. Bxb6 axb6 35. Nxd5 Ra7 36. Nf6+ Kg7 37. Nxd7 Re7 38. Nxf8 Rxa6 39. Nd7 c5 40. a4 1-0

[Event "Bochum - Porz II"]
[Site "?"]
[Date "2023.11.19"]
[Round "4.5"]
[White "Sabirov, Rafael"]
[Black "Golovanj, Andrej"]
[Result "1/2-1/2"]
[WhiteElo "2103"]
[BlackElo "2301"]
[PlyCount "57"]
[EventDate "2023.??.??"]
[SourceVersionDate "2023.09.04"]

1. d4 Nf6 2. Nc3 d5 3. Bf4 a6 4. e3 e6 5. a3 c5 6. Nf3 Nc6 7. h3 Be7 8. dxc5 Bxc5 9. Bd3 Bd6 10. Bxd6 Qxd6 11. e4 d4 12. Ne2 O-O 13. Ng3 Qc5 14. O-O Rd8 15. Qe2 e5 16. Bc4 b5 17. Ba2 Ra7 18. Ne1 Qd6 19. Nd3 Be6 20. Bxe6 fxe6 21. Nh5 Nxh5 22. Qxh5 Rf7 23. a4 b4 24. b3 Rdf8 25. Rad1 g6 26. Qg5 Kg7 27. Qg3 h6 28. Rd2 Kh7 29. Re1 1/2-1/2

[Event "Bochum- Porz II"]
[Site "?"]
[Date "2023.11.19"]
[Round "4.6"]
[White "Zozulia, Anna"]
[Black "Kruse, Victor"]
[Result "1/2-1/2"]
[WhiteElo "2217"]
[BlackElo "1991"]
[PlyCount "54"]
[EventDate "2023.??.??"]
[SourceVersionDate "2023.09.04"]

1. e4 c6 2. d4 d5 3. exd5 cxd5 4. Bd3 Nc6 5. c3 Nf6 6. h3 e5 7. dxe5 Nxe5 8. Qe2 Qe7 9. Bb5+ Bd7 10. Be3 O-O-O 11. Nd2 Bxb5 12. Qxb5 d4 13. cxd4 Nc6 14. Qf5+ Kb8 15. Ne2 Nd5 16. O-O g6 17. Qf3 Bg7 18. Nc3 Nxe3 19. fxe3 Bh6 20. Rae1 f5 21. Nb3 Rhe8 22. Kh1 Qg5 23. Nd5 Re4 24. Nf4 Bf8 25. Nd2 Ree8 26. Nc4 Qh4 27. Nd3 Re4 1/2-1/2

[Event "Bochum - Porz II"]
[Site "?"]
[Date "2023.11.19"]
[Round "4.7"]
[White "Gallasch, Robin"]
[Black "Golinka, Oleksandr"]
[Result "0-1"]
[WhiteElo "2095"]
[BlackElo "2186"]
[PlyCount "86"]
[EventDate "2023.??.??"]
[SourceVersionDate "2023.09.04"]

1. e4 e5 2. Nf3 Nc6 3. Bb5 a6 4. Ba4 Nf6 5. O-O Be7 6. Re1 b5 7. Bb3 O-O 8. a4 Bb7 9. d3 d6 10. Nbd2 Nd7 11. c3 Nc5 12. Bc2 d5 13. d4 exd4 14. cxd4 Nxa4 15. Bxa4 bxa4 16. e5 a3 17. bxa3 Na5 18. Qa4 c5 19. dxc5 Bxc5 20. Bb2 Rc8 21. Qg4 Qb6 22. Bd4 Bxd4 23. Nxd4 Qg6 24. Qd7 Rfd8 25. Qa4 Nc4 26. N2f3 Re8 27. Rab1 Ba8 28. Rbc1 a5 29. h3 Bc6 30. Qb3 Rb8 31. Qc3 Bd7 32. Kh2 Qb6 33. Qd3 h6 34. Rb1 Qc7 35. Rxb8 Qxb8 36. g3 Qb2 37. Re2 Qxa3 38. Nb3 Rb8 39. e6 Bxe6 40. Nfd4 a4 41. Rxe6 fxe6 42. Nc6 Rxb3 43. Qg6 Qf8 0-1

[Event "Bochum - Porz II"]
[Site "?"]
[Date "2023.11.19"]
[Round "4.8"]
[White "Zatonskih, Vitaly"]
[Black "Sistig, Max"]
[Result "1/2-1/2"]
[WhiteElo "2139"]
[BlackElo "1923"]
[PlyCount "45"]
[EventDate "2023.??.??"]
[SourceVersionDate "2023.09.04"]

1. e4 c5 2. Nf3 Nc6 3. d4 cxd4 4. Nxd4 Nf6 5. Nc3 e5 6. Ndb5 d6 7. Bg5 a6 8. Na3 b5 9. Bxf6 gxf6 10. Nd5 Bg7 11. c3 f5 12. exf5 Bxf5 13. Nc2 Rb8 14. Nce3 Be6 15. g4 O-O 16. Bg2 b4 17. Be4 bxc3 18. bxc3 Qh4 19. Qf3 Rb2 20. Qg3 Qxg3 21. hxg3 h6 22. g5 hxg5 23. Bh7+ 1/2-1/2

[Event "Katernberg - Mülheim Nord 2"]
[Site "?"]
[Date "2023.11.19"]
[Round "4.1"]
[White "Buckels, Valentin"]
[Black "Tomic, Bosko"]
[Result "1-0"]
[WhiteElo "2432"]
[BlackElo "2436"]
[PlyCount "75"]
[EventDate "2023.??.??"]
[SourceVersionDate "2023.09.04"]

1. d4 Nf6 2. Nf3 g6 3. c4 c5 4. d5 Bg7 5. Nc3 O-O 6. e4 e6 7. Be2 d6 8. h3 Re8 9. O-O Na6 10. Bf4 Nh5 11. Bg5 Bf6 12. Qd2 e5 13. Be3 Nc7 14. Nh2 Nf4 15. Bg4 Bxg4 16. hxg4 Qe7 17. g3 Nh3+ 18. Kg2 Ng5 19. Bxg5 Bxg5 20. f4 exf4 21. gxf4 Bf6 22. Rae1 h6 23. e5 dxe5 24. d6 Qd8 25. f5 Bg5 26. Qd1 Na6 27. fxg6 fxg6 28. Qd5+ Kh8 29. Rf7 Rb8 30. Rxe5 Nb4 31. Qe4 Rg8 32. Nf3 Qxd6 33. Nxg5 hxg5 34. Ree7 Rgd8 35. Rh7+ Kg8 36. Reg7+ Kf8 37. Qf3+ Qf4 38. Rf7+ 1-0

[Event "Katernberg - Mülheim Nord 2"]
[Site "?"]
[Date "2023.11.19"]
[Round "4.2"]
[White "Kueppers, Timo"]
[Black "Rezazadeh, Amir"]
[Result "0-1"]
[WhiteElo "2204"]
[BlackElo "2353"]
[PlyCount "90"]
[EventDate "2023.??.??"]
[SourceVersionDate "2023.09.04"]

1. c4 c6 2. Nf3 d5 3. e3 Nf6 4. Nc3 g6 5. d4 Bg7 6. Be2 O-O 7. O-O Bg4 8. b3 Nbd7 9. Bb2 e6 10. h3 Bxf3 11. Bxf3 Re8 12. Qc2 h5 13. Rad1 Nb6 14. Be2 Qe7 15. c5 Nbd7 16. f4 h4 17. b4 a6 18. a4 Nh7 19. Bd3 f5 20. Ne2 Ndf6 21. Bc3 Ne4 22. Be1 Kh8 23. Nc1 Rg8 24. Nb3 Bf6 25. Na5 g5 26. Bxe4 fxe4 27. Qe2 Rg7 28. fxg5 Bxg5 29. b5 axb5 30. axb5 Qc7 31. bxc6 bxc6 32. Rb1 Rxa5 33. Bxa5 Qxa5 34. Rb8+ Rg8 35. Rxg8+ Kxg8 36. Qg4 Kg7 37. Kh1 Qc7 38. Qxe6 Bxe3 39. Qg4+ Bg5 40. Qe6 e3 41. Rb1 Nf6 42. Qf5 Qg3 43. Rb7+ Kh6 44. Re7 Qe1+ 45. Kh2 Qf2 0-1

[Event "Katernberg - Mülheim Nord 2"]
[Site "?"]
[Date "2023.11.19"]
[Round "4.3"]
[White "Van Osch, Mees"]
[Black "Schimnatkowski, Lukas"]
[Result "1-0"]
[WhiteElo "2335"]
[BlackElo "2167"]
[PlyCount "43"]
[EventDate "2023.??.??"]
[SourceVersionDate "2023.09.04"]

1. e4 e5 2. Nf3 Nc6 3. Nc3 Nf6 4. Bb5 Bd6 5. d3 a6 6. Ba4 Nd4 7. Nxd4 exd4 8. Ne2 Bb4+ 9. c3 dxc3 10. bxc3 Ba5 11. O-O Qe7 12. c4 O-O 13. Bb2 d6 14. Ng3 c6 15. Qf3 Re8 16. Rac1 Bd7 17. Bb3 Rac8 18. Kh1 Be6 19. Nf5 Bxf5 20. Qxf5 Bd8 21. Qxc8 Bb6 22. Qf5 1-0

[Event "Katernberg - Mülheim Nord 2"]
[Site "?"]
[Date "2023.11.19"]
[Round "4.4"]
[White "Wessendorf, Thomas"]
[Black "Stillger, Bernhard"]
[Result "1/2-1/2"]
[WhiteElo "2266"]
[BlackElo "2284"]
[PlyCount "115"]
[EventDate "2023.??.??"]
[SourceVersionDate "2023.09.04"]

1. d4 d5 2. Nc3 Nf6 3. Bg5 Nbd7 4. Nf3 h6 5. Bh4 e6 6. e3 Be7 7. Bd3 c5 8. O-O O-O 9. Re1 a6 10. a4 b6 11. e4 Nxe4 12. Bxe7 Nxc3 13. Bxd8 Nxd1 14. Bxb6 c4 15. Ba5 Nxf2 16. Kxf2 cxd3 17. cxd3 Bb7 18. Rec1 Rfc8 19. Bc7 Nf6 20. Ra3 Ne8 21. Rac3 a5 22. Nd2 Ba6 23. Ke3 Nxc7 24. Rxc7 Rxc7 25. Rxc7 Rb8 26. Rc6 Bc8 27. Rc5 Bd7 28. b3 Ra8 29. Rc7 Be8 30. Nf3 Rb8 31. Nd2 Ra8 32. Kf4 f6 33. Rb7 Bg6 34. Re7 Ra6 35. Ke3 Rc6 36. Ra7 Rc3 37. Rxa5 Bxd3 38. Rc5 Bc4+ 39. Kf2 Rc2 40. Ke3 Rc3+ 41. Kf2 Rc2 42. bxc4 Rxd2+ 43. Ke3 Ra2 44. cxd5 exd5 45. a5 Kf7 46. Rxd5 Ke6 47. Rb5 Rxg2 48. h4 g5 49. hxg5 hxg5 50. Rb8 Ra2 51. Ra8 Ra3+ 52. Kf2 Ra2+ 53. Kf3 Ra3+ 54. Ke2 Ra2+ 55. Kd3 g4 56. Ke4 g3 57. Rg8 g2 58. a6 1/2-1/2

[Event "Katernberg - Mülheim Nord 2"]
[Site "?"]
[Date "2023.11.19"]
[Round "4.5"]
[White "De Boer, Bas"]
[Black "Rosen, Bernd"]
[Result "1-0"]
[WhiteElo "2216"]
[BlackElo "2314"]
[PlyCount "115"]
[EventDate "2023.??.??"]
[SourceVersionDate "2023.09.04"]

1. d4 Nf6 2. c4 c5 3. d5 e5 4. Nc3 d6 5. e4 Nbd7 6. h3 Be7 7. a4 Nf8 8. Bd3 Ng6 9. g3 Bd7 10. Bd2 O-O 11. Rb1 Ne8 12. h4 Nc7 13. Qc2 Re8 14. Nd1 Qc8 15. Ne3 Bd8 16. h5 Nf8 17. Kf1 Na6 18. Qd1 Nb4 19. Be2 a6 20. Nf3 Rb8 21. Nh4 g6 22. hxg6 fxg6 23. Kg2 b5 24. axb5 axb5 25. cxb5 Bxb5 26. Bxb5 Rxb5 27. Nc4 Be7 28. Nf3 Qg4 29. Ng5 Qxd1 30. Rhxd1 Reb8 31. Nh3 Nd7 32. Ra1 Nb6 33. Nxb6 R5xb6 34. Bc3 Nc2 35. Ra2 Bf6 36. Ng1 Nd4 37. Nf3 h5 38. Nd2 Be7 39. Nc4 Rb3 40. Ra7 R3b7 41. Rxb7 Rxb7 42. f4 exf4 43. gxf4 Ne2 44. Kf3 Nxc3 45. bxc3 Rb3 46. Rd3 Rb1 47. e5 g5 48. exd6 g4+ 49. Ke4 Bh4 50. Kf5 g3 51. d7 Rb8 52. Rd2 Kg7 53. Rg2 Rf8+ 54. Ke4 Kh7 55. Ne5 Bd8 56. Rxg3 h4 57. Rh3 Kg7 58. Kf3 {Rest komplett unleserlich!} 1-0

[Event "Katernberg - Mülheim Nord 2"]
[Site "?"]
[Date "2023.11.19"]
[Round "4.6"]
[White "Korchynskyi, Mykola"]
[Black "Kahleys, Kevin"]
[Result "1/2-1/2"]
[WhiteElo "2206"]
[BlackElo "2216"]
[PlyCount "65"]
[EventDate "2023.??.??"]
[SourceVersionDate "2023.09.04"]

1. d4 d5 2. c4 c6 3. Nc3 Nf6 4. cxd5 cxd5 5. Bf4 Nc6 6. e3 Bf5 7. Nf3 a6 8. Bd3 Bxd3 9. Qxd3 e6 10. O-O Bd6 11. Bg5 h6 12. Bh4 g5 13. Bg3 Bxg3 14. fxg3 g4 15. Nh4 b5 16. Rf4 h5 17. Raf1 Rh6 18. e4 Ra7 19. e5 Ng8 20. h3 gxh3 21. gxh3 Qg5 22. Kh2 f5 23. Nxf5 exf5 24. Rxf5 Qg6 25. Nxd5 Rf7 26. Qe4 Rxf5 27. Rxf5 Nge7 28. Nxe7 Nxe7 29. Qa8+ Kd7 30. Qb7+ Ke8 31. Qa8+ Kd7 32. Qb7+ Ke8 33. Qa8+ 1/2-1/2

[Event "Katernberg - Mülheim Nord 2"]
[Site "?"]
[Date "2023.11.19"]
[Round "4.7"]
[White "Dordevic, Tom"]
[Black "Krueger, Erich"]
[Result "1-0"]
[WhiteElo "1945"]
[BlackElo "2160"]
[PlyCount "63"]
[EventDate "2023.??.??"]
[SourceVersionDate "2023.09.04"]

1. Nf3 Nf6 2. c4 g6 3. Nc3 Bg7 4. e4 d6 5. d4 O-O 6. Be2 e5 7. O-O exd4 8. Nxd4 Re8 9. f3 c6 10. Kh1 d5 11. cxd5 cxd5 12. Bb5 Bd7 13. exd5 Bxb5 14. Ndxb5 a6 15. Na3 b5 16. Nc2 Ra7 17. Bg5 Rd7 18. Qd2 Qb6 19. Rfe1 Rc8 20. a3 a5 21. Rac1 Na6 22. Nd4 b4 23. Na4 Qb7 24. Rxc8+ Qxc8 25. Nb6 Qd8 26. Nxd7 Qxd7 27. Nc6 h6 28. Bh4 Kh7 29. Rd1 bxa3 30. bxa3 a4 31. Qa5 Nc7 32. Ne5 1-0

[Event "Katernberg - Mülheim Nord 2"]
[Site "?"]
[Date "2023.11.19"]
[Round "4.8"]
[White "Rosen, Willy"]
[Black "Bus, Tom"]
[Result "1-0"]
[WhiteElo "2095"]
[BlackElo "2082"]
[PlyCount "79"]
[EventDate "2023.??.??"]
[SourceVersionDate "2023.09.04"]

1. e4 c5 2. Nc3 Nc6 3. f4 g6 4. Nf3 Bg7 5. Bb5 Nd4 6. O-O Nxb5 7. Nxb5 d5 8. exd5 a6 9. Nc3 Nf6 10. d4 c4 11. Qe2 b5 12. Re1 O-O 13. a4 b4 14. Ne4 Nxe4 15. Qxe4 Bf5 16. Qxe7 Qxd5 17. c3 bxc3 18. bxc3 Rab8 19. Ba3 Rfc8 20. Qd6 Qb7 21. Re7 Qc6 22. Qxc6 Rxc6 23. Rae1 Re6 24. R1xe6 Bxe6 25. Ra7 Bf8 26. Bxf8 Kxf8 27. Ng5 Bd5 28. Rd7 Rb1+ 29. Kf2 Rb2+ 30. Ke3 Bxg2 31. Rxf7+ Ke8 32. Rc7 Bf1 33. d5 h6 34. Ne6 Rxh2 35. Kd4 Re2 36. Kc5 Bh3 37. Kd6 Bxe6 38. dxe6 Rd2+ 39. Ke5 h5 40. Kf6 1-0

[Event "Erkenschwick - Mülheim Nord 3"]
[Site "?"]
[Date "2023.11.19"]
[Round "4.1"]
[White "Walter, Andreas"]
[Black "Nijboer, Friso"]
[Result "0-1"]
[WhiteElo "2168"]
[BlackElo "2468"]
[PlyCount "42"]
[EventDate "2023.??.??"]
[SourceVersionDate "2023.09.04"]

1. d4 Nf6 2. c4 g6 3. Nc3 Bg7 4. e4 d6 5. f3 O-O 6. Be3 c5 7. dxc5 dxc5 8. Qxd8 Rxd8 9. Bxc5 Nc6 10. Nge2 b6 11. Be3 Be6 12. b3 Rd7 13. Rd1 Rad8 14. Rxd7 Nxd7 15. g3 Nde5 16. Kf2 Rd3 17. Bg2 Nxc4 18. bxc4 Bxc3 19. Bc1 Bb4 20. Be3 Bd2 21. Bxd2 Rxd2 0-1